Keygoes:chilli - kľúčenka plná čili korenia

Uložené v:
Podrobná bibliografia
Hlavný autor: Hagarová, Ráchel, 1990-
Médium: Kapitola
Jazyk:Slovak
Predmet:
Tagy: Pridať tag
Žiadne tagy, Buďte prvý, kto otaguje tento záznam!

MARC

LEADER 00000naa$a2200000$$$4500
001 0225854
005 20240502073714.9
041 0 |a slo 
044 |a SK 
245 1 0 |a Keygoes:chilli - kľúčenka plná čili korenia  |c Ráchel Hagarová 
610 2 0 |a štúdie prípadové 
610 2 0 |a start-up 
610 2 0 |a stravovanie spoločné 
100 1 |a Hagarová, Ráchel, 1990-